Finančná výkonnosť rodinných podnikov na Slovensku a skúmanie vzájomných väzieb medzi finančnými ukazovateľmi

Analýza finančnej výkonnosti rodinných podnikov použitím finančných ukazovateľov. Skúmaná vzorka vybraných 39 slovenských malých a stredných podnikov.

Salvato in:
Dettagli Bibliografici
Autore principale: Kozáková, Mária, 1991-
Natura: Capitolo di libro
Lingua:slovacco
Soggetti:
Tags: Aggiungi Tag
Nessun Tag, puoi essere il primo ad aggiungerne!!

MARC

LEADER 00000naa a2200000 4500
001 0263411
005 20241031105514.6
041 0 |a slo 
044 |a SK 
245 1 0 |a Finančná výkonnosť rodinných podnikov na Slovensku a skúmanie vzájomných väzieb medzi finančnými ukazovateľmi  |c Mária Kozáková 
520 |a Analýza finančnej výkonnosti rodinných podnikov použitím finančných ukazovateľov. Skúmaná vzorka vybraných 39 slovenských malých a stredných podnikov. 
610 2 0 |a ukazovatele finančné 
610 2 0 |a výkonnosť finančná 
610 2 0 |a podnik rodinný 
610 2 0 |a podnik malý 
610 2 0 |a podnik stredný 
610 2 0 |a meranie výkonnosti 
100 1 |a Kozáková, Mária, 1991-